• 首页
  • 本馆介绍
  • 公告通知
  • 最新文献
  • 馆藏检索
  • 电子资源
  • 读者导购
  • 参考咨询
  • 我的图书馆
  • 登录
  • 详细信息显示
  • 放入我的书架
  • 预约/预借图书
  • 作者相关作品
  • 分类相关作品
  • 丛书相关作品
  • 出版社相关作品

书目信息

  • 表格格式
  • 工作单格式
  • 卡片格式
题名:
嵌入式系统技术
    
 
作者: 张培仁 , 潘可 , 赵松 编著
分册:  
出版信息: 合肥   中国科学技术大学出版社  2009.01
页数: 405页
开本: 23cm
丛书名:
单 册:
中图分类: TP360.21
科图分类:
主题词: 微型计算机--wei xing ji suan ji--系统设计--高等教育--教材
电子资源:
ISBN: 978-7-312-02285-2
000 01011nam0 2200265 450
001 2330650787
005 20231123083107.44
010    @a978-7-312-02285-2@dCNY42.00@z7-312-02285-5
100    @a20090315d2009 em y0chiy50 ea
101 0  @achi
102    @aCN@b340000
105    @aak a 000yy
200 1  @a嵌入式系统技术@Aqian ru shi xi tong ji shu@f张培仁, 潘可, 赵松编著
210    @a合肥@c中国科学技术大学出版社@d2009.01
215    @a405页@c图@d23cm
320    @a有书目 (第404-405页)
330    @a本书介绍了单片机开发系统、嵌入式实时操作系统、嵌入式系统专用术语和应注意的问题、嵌入式微处理器编程语言、先进8位单片机、16位单片机、32位ARM处理器、DSP、嵌入式系统的存储器等内容。
333    @a普通高等教育“十一五”国家级规划教材
606 0  @a微型计算机@Awei xing ji suan ji@x系统设计@x高等教育@j教材
690    @aTP360.21@v4
701  0 @a张培仁@Azhang pei ren@4编著
701  0 @a潘可@Apan ke@4编著
701  0 @a赵松@Azhao song@4编著
801  0 @aCN@bRENTIAN@c20090315
905    @aBZT@dTP360.21@e2
    
    嵌入式系统技术/张培仁, 潘可, 赵松编著.-合肥:中国科学技术大学出版社,2009.01
    405页:图;23cm
    使用对象:普通高等教育“十一五”国家级规划教材
    
    ISBN 978-7-312-02285-2:CNY42.00
    本书介绍了单片机开发系统、嵌入式实时操作系统、嵌入式系统专用术语和应注意的问题、嵌入式微处理器编程语言、先进8位单片机、16位单片机、32位ARM处理器、DSP、嵌入式系统的存储器等内容。
●
相关链接 在五车中查询图书 在当当中查询图书 在豆瓣中查询图书


正题名:嵌入式系统技术     索取号:TP360.21/2         预约/预借

序号 登录号 条形码 馆藏地/架位号 状态 备注
1 2001075405   2001075405   东辅楼二楼书库/ [索取号:TP360.21/2] 在馆    
2 2001075406   2001075406   东辅楼二楼书库/ [索取号:TP360.21/2] 在馆    
3 2001075407   2001075407   东辅楼二楼书库/ [索取号:TP360.21/2] 在馆    
4 2001075408   2001075408   东辅楼二楼书库/ [索取号:TP360.21/2] 在馆    
5 2001075409   2001075409   东辅楼二楼书库/ [索取号:TP360.21/2] 在馆    
6 2001075410   2001075410   东辅楼二楼书库/ [索取号:TP360.21/2] 在馆    
7 2001075411   2001075411   东辅楼二楼书库/ [索取号:TP360.21/2] 在馆    
8 2001075412   2001075412   东辅楼二楼书库/ [索取号:TP360.21/2] 在馆    
9 2001075413   2001075413   东辅楼二楼书库/ [索取号:TP360.21/2] 在馆    
10 2001075414   2001075414   东辅楼二楼书库/ [索取号:TP360.21/2] 在馆    
11 2001075415   2001075415   东辅楼二楼书库/ [索取号:TP360.21/2] 在馆    
12 2001075416   2001075416   东辅楼二楼书库/ [索取号:TP360.21/2] 在馆    
13 2001075417   2001075417   东辅楼二楼书库/ [索取号:TP360.21/2] 在馆    
14 2001075418   2001075418   东辅楼二楼书库/ [索取号:TP360.21/2] 在馆    
15 2001075419   2001075419   东辅楼二楼书库/ [索取号:TP360.21/2] 在馆    
16 2001075420   2001075420   东辅楼二楼书库/ [索取号:TP360.21/2] 在馆    
17 2001075421   2001075421   东辅楼二楼书库/ [索取号:TP360.21/2] 在馆    
18 2001075422   2001075422   东辅楼二楼书库/ [索取号:TP360.21/2] 在馆    
19 2001075423   2001075423   东辅楼二楼书库/ [索取号:TP360.21/2] 在馆    
20 2001075424   2001075424   东辅楼二楼书库/ [索取号:TP360.21/2] 在馆    
21 2001075425   2001075425   东辅楼二楼书库/ [索取号:TP360.21/2] 在馆    
22 2001075426   2001075426   东辅楼二楼书库/ [索取号:TP360.21/2] 在馆    
23 2001075427   2001075427   东辅楼二楼书库/ [索取号:TP360.21/2] 在馆    
24 2001075428   2001075428   东辅楼二楼书库/ [索取号:TP360.21/2] 在馆    
25 2001075429   2001075429   东辅楼二楼书库/ [索取号:TP360.21/2] 在馆    
26 2001075430   2001075430   东辅楼二楼书库/ [索取号:TP360.21/2] 在馆    
27 2001075431   2001075431   东辅楼二楼书库/ [索取号:TP360.21/2] 在馆    
28 2001075432   2001075432   东辅楼二楼书库/ [索取号:TP360.21/2] 在馆    
29 2001075433   2001075433   东辅楼二楼书库/ [索取号:TP360.21/2] 在馆    
30 2001075434   2001075434   东辅楼二楼书库/ [索取号:TP360.21/2] 在馆    
山东省滨州职业学院图书馆 欢迎您!
大连网信软件有限公司© 版权所有